00776nam a2200205Ia 4500008004100000020001500041082001500056100002700071245007800098250002200176300002900198500002700227600009600254650007400350264002300424336002700447337003300474338002800507040003500535161108s9999 xx 000 0 und d a9583501794 a923.2 H25u aHenao Hidrón, Javier aUribe Uribe y Gaitán :b caudillos del pueblo /c Javier Henao Hidrón aSegunda edición a178 páginas ;c 22 cm aIncluye bibliografía aUribe Uribe, Rafael, 1859-1914 - Biografias / Gaitan, Jorge Eliecer, 1903-1948 - Biografias aColombia - Política Y Gobierno / Politicos Colombianos - Biografias aBogotá :b Temis atextobtxt2rdacontent asin mediaciónbn2rdamedia avolumenbnc2rdacarrier aCO-BoRNBPbspaerdacCO-BoRNBP